[Event "16th OIBM 2012"]
[Site "Bad Wiessee GER"]
[Date "2012.11.04"]
[Round "9.4"]
[White "Landa,K"]
[Black "Chatalbashev,B"]
[Result "1-0"]
[WhiteElo "2641"]
[BlackElo "2535"]

1.e4 d5 2.exd5 Qxd5 3.Nc3 Qd6 4.d4 Nf6 5.Nf3 g6 6.Nb5 Qb6 7.c4 c6 8.Nc3 Bg7
9.c5 Qc7 10.Bc4 O-O 11.O-O b5 12.Bb3 a5 13.a3 Bg4 14.h3 Bxf3 15.Qxf3 Nbd7
16.Bf4 Qb7 17.Rfe1 e6 18.a4 bxa4 19.Bxa4 Nd5 20.Rad1 Rfc8 21.Ne4 Qb4 22.b3 Bxd4
23.Bd2 Qb8 24.Nd6 Rf8 25.Bxc6 Ne5 26.Rxe5 Bxe5 27.Bxa8 Qxa8 28.Bh6 Bg7 29.Bxg7 Kxg7
30.Ra1 Qa7 31.b4 a4 32.Qa3 Qe7 33.b5 Qf6 34.b6 Nc3 35.Re1 Qd4 36.b7 e5 37.Nc8 Qd2
38.Qa1  1-0

[Event "TCh-HUN 2012-13"]
[Site "Budapest HUN"]
[Date "2012.11.04"]
[Round "3"]
[White "Szuk,B"]
[Black "Bodiroga,P"]
[Result "1-0"]
[WhiteElo "2397"]
[BlackElo "2394"]

1.e4 d5 2.exd5 Qxd5 3.Nc3 Qd8 4.d4 Nf6 5.Nf3 Bg4 6.h3 Bh5 7.g4 Bg6 8.Ne5 Nbd7
9.Qe2 e6 10.Bg2 c5 11.dxc5 Nxe5 12.Qxe5 Nd7 13.Qe2 Bxc5 14.Bxb7 Rb8 15.Bg2 h5
16.g5 Be7 17.Be4 O-O 18.h4 Nc5 19.Bf3 Rb4 20.a3 Rd4 21.Be3 e5 22.Rd1 Ne6
23.Nd5 Bc5 24.Bxd4 Nxd4 25.Rxd4 Bxd4 26.c4 Re8 27.Bxh5 Qa5+ 28.Kf1 e4 29.Bxg6 fxg6
30.h5 Qd8 31.Qg4 Qd6 32.hxg6 Qxg6 33.Nf4 Qf7 34.b3 e3 35.g6 Qb7 36.Nd5 e2+
37.Kg2 Re5 38.Rh8+  1-0

[Event "TCh-HUN 2012-13"]
[Site "Paks HUN"]
[Date "2012.11.04"]
[Round "3"]
[White "Groszpeter,A"]
[Black "Somlai,L"]
[Result "1/2-1/2"]
[WhiteElo "2481"]
[BlackElo "2353"]

1.e4 d5 2.exd5 Qxd5 3.Nc3 Qd6 4.d4 Nf6 5.Nf3 c6 6.g3 Bg4 7.Bg2 e6 8.O-O Be7
9.h3 Bxf3 10.Bxf3 O-O 11.Ne2 Qd8 12.c4 Nbd7 13.Qc2 Re8 14.Rd1 Bf8 15.Be3 Qc8
16.Rac1 e5 17.d5 c5 18.d6 Re6 19.Nc3 Rxd6 20.Rxd6 Bxd6 21.Qb3 Nb6 22.a4 Qe6
23.Ne4 Nxe4 24.Bxe4 Rb8 25.a5 Nd7 26.Rd1 Nf6 27.Bg2 h6  1/2-1/2

[Event "4NCL 2012-13"]
[Site "Sunningdale ENG"]
[Date "2012.11.04"]
[Round "2.168"]
[White "Olsarova,T"]
[Black "Summerscale,C"]
[Result "1-0"]
[WhiteElo "2267"]
[BlackElo "1982"]

1.e4 d5 2.exd5 Qxd5 3.Nc3 Qd6 4.d4 Nf6 5.Nf3 Bg4 6.h3 Bxf3 7.Qxf3 c6 8.Be3 e6
9.O-O-O Qc7 10.g4 Nbd7 11.g5 Nd5 12.Ne4 Nxe3 13.fxe3 Nb6 14.Kb1 O-O-O 15.h4 Bd6
16.Be2 Kb8 17.h5 h6 18.gxh6 Rxh6 19.Rhg1 g6 20.Nxd6 Qxd6 21.Qxf7 gxh5 22.Bxh5 Rf8
23.Rg8 Rh8 24.Qxf8+ Qxf8 25.Rxf8+ Rxf8 26.b3 Nd5 27.Re1 Rf2 28.a3 Kc7 29.Kc1 Kd6
30.e4 Ne7 31.Be2 Ng6 32.Kd2 Rh2 33.Rf1 Ne7 34.e5+ Kd7 35.Kd3 Rg2 36.Rf8 Nf5
37.Rf7+ Ne7 38.Bf3 Rh2 39.b4 a6 40.a4 Ke8 41.Rf6 Rh3 42.Kc4 Rg3 43.a5 Kd7
44.Kc5 Nf5 45.Be4 Rc3+ 46.Kb6 Nxd4 47.Rf7+ Kd8 48.Rxb7 Nxc2 49.Bxc2 Rxc2
50.Kxa6 Re2 51.b5 c5 52.b6  1-0

[Event "FSGM Nov 2012"]
[Site "Budapest HUN"]
[Date "2012.11.05"]
[Round "2.1"]
[White "Kharous,E"]
[Black "Varga,Zo"]
[Result "0-1"]
[WhiteElo "2367"]
[BlackElo "2456"]

1.e4 d5 2.exd5 Qxd5 3.Nc3 Qd6 4.d4 Nf6 5.Nf3 Bg4 6.Be2 Nc6 7.Be3 O-O-O 8.Ng5 Be6
9.Nxe6 fxe6 10.O-O Nxd4 11.Bxd4 Qxd4 12.Qxd4 Rxd4 13.Nb5 Rb4 14.b3 c6 15.Na3 Rd4
16.Rfd1 Rxd1+ 17.Rxd1 g6 18.g3 Bg7 19.Nc4 Rd8 20.Rxd8+ Kxd8 21.Bd3 Nd5 22.Kf1 b5
23.Nd2 Nc3 24.Ne4 Nxa2 25.Ng5 Bf6 26.Nxh7 g5 27.f4 gxf4 28.g4 Nc3 29.g5 Bh8
30.Nf8 e5 31.Ne6+ Kd7 32.Nc5+ Kd6 33.Ne4+ Nxe4 34.Bxe4 a5 35.Ke2 a4 36.bxa4 bxa4
37.Kd2 f3 38.c3 a3 39.Kc2 f2 40.Bg2 e4 41.Kb3 Ke5 42.Kxa3 Kf4 43.h4 e3  0-1

[Event "FSFMB Nov 2012"]
[Site "Budapest HUN"]
[Date "2012.11.07"]
[Round "4.3"]
[White "Mayer,I"]
[Black "Marcu,Simon"]
[Result "1-0"]
[WhiteElo "2047"]
[BlackElo "1901"]

1.e4 d5 2.exd5 Qxd5 3.Nc3 Qd8 4.d4 Nf6 5.Nf3 Bg4 6.Be2 e6 7.h3 Bh5 8.O-O h6
9.Ne5 Bxe2 10.Nxe2 Bd6 11.Nc4 Be7 12.c3 O-O 13.Qb3 b6 14.Ne5 Bd6 15.c4 c5
16.Bf4 Qc7 17.Qf3 Nbd7 18.Nxd7 Nxd7 19.Bxd6 Qxd6 20.Rfd1 Nf6 21.Qe3 cxd4
22.Qxd4 Qc7 23.b3 Rfd8 24.Qe3 Rxd1+ 25.Rxd1 Rd8 26.Rc1 Nd7 27.Nd4 Qc5 28.b4 Qc7
29.c5 bxc5 30.bxc5 a6 31.c6 Nf6 32.g3 Nd5 33.Qd3 Qb6 34.Nf3 f6 35.Kg2 Kf7
36.Rc2 Rc8 37.Nd4 e5 38.Qc4  1-0

[Event "TCh-ESP CECLUB Div Honor 2012"]
[Site "Leon ESP"]
[Date "2012.11.07"]
[Round "3.4"]
[White "Perez Candelario,Man"]
[Black "Ibarra Jerez,JC"]
[Result "0-1"]
[WhiteElo "2579"]
[BlackElo "2528"]

1.e4 d5 2.exd5 Qxd5 3.Nc3 Qd6 4.d4 Nf6 5.Nf3 c6 6.Ne5 Be6 7.Be2 g6 8.O-O Bg7
9.Bf4 Qd8 10.Re1 O-O 11.Na4 Nbd7 12.c4 Nxe5 13.Bxe5 Ne8 14.Bf1 Bxe5 15.Rxe5 Ng7
16.Qd2 Qd6 17.Rd1 Rad8 18.Nc5 Bc8 19.Ne4 Qc7 20.Nc3 f6 21.Re4 e5 22.d5 Nf5
23.b4 a5 24.a3 axb4 25.axb4 cxd5 26.Nxd5 Qf7 27.f4 exf4 28.Qxf4 Be6 29.Rde1 Bxd5
30.cxd5 Kh8 31.Bc4 b5 32.Bxb5 Qxd5 33.Bf1 Qb7 34.Qf2 Rd7 35.b5 Kg7 36.Re6 Nd4
37.R6e4 Rfd8 38.Rf4 Qb6 39.Ree4 f5 40.Re1 Qc5 41.Qe3 Re8  0-1

[Event "FSIM Nov 2012"]
[Site "Budapest HUN"]
[Date "2012.11.08"]
[Round "5.4"]
[White "Aryan,C"]
[Black "Szeberenyi,A"]
[Result "1/2-1/2"]
[WhiteElo "2051"]
[BlackElo "2347"]

1.e4 d5 2.exd5 Qxd5 3.Nc3 Qd6 4.d4 Nf6 5.Nf3 a6 6.g3 Bg4 7.h3 Bh5 8.Bg2 Nc6
9.O-O Bxf3 10.Bxf3 Nxd4 11.Bxb7 Ra7 12.Bf4 Qd7 13.Qxd4 Qxd4 14.Bc6+ Qd7 15.Bxd7+ Kxd7
16.Rad1+ Kc8 17.Rd4 e6 18.Rfd1 Be7 19.Be3 Bc5 20.R4d3 Bxe3 21.Rxe3 Rd8  1/2-1/2

[Event "38th ch-BAN 2012"]
[Site "Dhaka BAN"]
[Date "2012.11.08"]
[Round "1.7"]
[White "Ahmed,SN"]
[Black "Abu Sufian,S"]
[Result "1-0"]
[WhiteElo "2295"]
[BlackElo "2374"]

1.e4 d5 2.exd5 Qxd5 3.Nc3 Qd6 4.d4 Nf6 5.Nf3 c6 6.g3 Bf5 7.Bg2 e6 8.O-O h6
9.Bf4 Qd8 10.Re1 Be7 11.Qd2 Nbd7 12.Ne5 Nxe5 13.Bxe5 O-O 14.Rad1 Bg4 15.Rb1 Qd7
16.Ne4 Nxe4 17.Bxe4 f6 18.Bf4 Rfd8 19.c3 e5 20.Be3 Bc5 21.f3 exd4 22.cxd4 Be6
23.Rbd1 Bb6 24.Bb1 Bf5 25.Be4 Bxe4 26.fxe4 f5 27.d5 fxe4 28.d6 Re8 29.Bxb6 axb6
30.Qd4 Ra5 31.Qc4+ Kh8 32.Rxe4 Rae5 33.Rxe5 Rxe5 34.Qf4 Re8 35.Qd4  1-0

[Event "WY BU14 2012"]
[Site "Maribor SLO"]
[Date "2012.11.09"]
[Round "2.47"]
[White "Skuhala,Jernej"]
[Black "Abdulla,Al-Hamed"]
[Result "1-0"]
[WhiteElo "1922"]
[BlackElo "1685"]

1.e4 d5 2.exd5 Qxd5 3.Nc3 Qd6 4.d4 Nf6 5.Nf3 c6 6.Be3 Bg4 7.Be2 e6 8.Ne5 Bxe2
9.Qxe2 Nbd7 10.Nc4 Qc7 11.g3 Nb6 12.Nxb6 Qxb6 13.O-O-O Nd5 14.Nxd5 cxd5 15.c4 Qa6
16.Kb1 Rc8 17.Rc1 Rxc4 18.Rxc4 Qxc4 19.Qxc4 dxc4 20.a4 a6 21.Rc1 b5 22.axb5 axb5
23.b3 Kd7 24.bxc4 bxc4 25.Rxc4 Bd6 26.Ra4 Rb8+ 27.Kc2 Rb7 28.Ra8 Rc7+ 29.Kd3 Rc8
30.Ra4 Rc7 31.h4 h5 32.Ra5 g6 33.Ra6 Rc6 34.Ra7+ Rc7 35.Ra6 Rc6 36.Ra4 Rc7
37.Ke4 Rc8 38.Ra6 Rc7 39.Rxd6+ Kxd6 40.Bf4+ Kd7 41.Bxc7 Kxc7 42.Ke5 Kd7 43.Kf6 Ke8
44.f3 Kf8 45.g4 Kg8 46.gxh5 gxh5 47.Kg5 Kg7 48.Kxh5 Kh7 49.Kg5 Kg7 50.f4 f6+
51.Kg4 Kg6 52.f5+  1-0

[Event "Subzonal 2.3 2012"]
[Site "Pamplona COL"]
[Date "2012.11.09"]
[Round "9.26"]
[White "Corredor,F"]
[Black "Arango,Elis"]
[Result "1-0"]
[WhiteElo "2039"]
[BlackElo "1931"]

1.e4 d5 2.exd5 Qxd5 3.Nc3 Qd6 4.d4 c6 5.Be3 Nf6 6.Nf3 Bg4 7.h3 Bh5 8.g4 Bg6
9.Ne5 Nd5 10.Bg2 Nxe3 11.fxe3 Nd7 12.Nxg6 Qg3+ 13.Kf1 hxg6 14.Qf3 Qxf3+ 15.Bxf3 e6
16.a4 Bb4 17.a5 a6 18.Ne4 e5 19.c3 Be7 20.Nd2 O-O 21.Nc4 Rfe8 22.Kg2 Rab8
23.Rhd1 exd4 24.exd4 Nf6 25.Re1 Rbd8 26.Re2 Nd5 27.Bxd5 Rxd5 28.Rae1 Kf8
29.Nb6 Rdd8 30.Kf3 Bd6 31.Rxe8+ Rxe8 32.Nd7+  1-0

[Event "WY GU16 2012"]
[Site "Maribor SLO"]
[Date "2012.11.10"]
[Round "3.27"]
[White "Bellaiche,E"]
[Black "Berger,N"]
[Result "1/2-1/2"]
[WhiteElo "1976"]
[BlackElo "1768"]

1.e4 d5 2.exd5 Qxd5 3.Nc3 Qd6 4.d4 Nf6 5.Nf3 a6 6.h3 Nc6 7.Be3 e6 8.Qd2 Be7
9.Bd3 b5 10.Ne4 Nxe4 11.Bxe4 Rb8 12.Bf4 Qd7 13.O-O Bb7 14.d5 exd5 15.Bxd5 Rd8
16.Rad1 Bf6 17.Rfe1+ Kf8 18.Qe3 Qe7 19.Qxe7+ Bxe7 20.Bxc7 Rc8 21.Bf4 Ba8
22.c3 h6 23.Re2 g5 24.Bg3 Bf6 25.Ne5 Rd8 26.Nxf7 Rxd5 27.Rxd5 Kxf7 28.Rd7+ Kg6
29.Re6 Rf8 30.Rdd6 Nd8 31.Re1 Bb7 32.Be5 Nc6 33.Bxf6 Rxf6 34.Rd7 Bc8 35.Rc7 Bf5
36.Re8 Bb1 37.a3 Ba2 38.g4 Bc4 39.Re3 Rd6 40.Re1 Rf6 41.Rd7 Bb3 42.Kg2 a5
43.Kg3 a4 44.f3 Bc4 45.Re3 Nb8 46.Rd2 Na6 47.h4 Nc5 48.h5+ Kf7 49.Rd8 Re6
50.Rxe6 Nxe6 51.Rd7+ Kg8 52.Kf2 Nc5 53.Rd6 Kg7 54.Ke3 Ne6 55.Rd7+ Kg8 56.Rd6 Kg7
57.Ke4 Nc5+ 58.Ke5 Nd3+ 59.Ke4 Nc5+ 60.Kd4 Nd3 61.Ke3 Nc5 62.f4 gxf4+ 63.Kxf4 Ne6+
64.Kf5 Ng5 65.Rd7+ Nf7 66.Rc7 Bd3+ 67.Ke6 Bc4+ 68.Kf5 Bd3+ 69.Kf4 Bc4 70.Kf5 Bb3  1/2-1/2

[Event "FIDE WCh Women World Cup"]
[Site "Khanty-Mansiysk RUS"]
[Date "2012.11.11"]
[Round "1.1"]
[White "Abrahamyan,T"]
[Black "Kosteniuk,A"]
[Result "1/2-1/2"]
[WhiteElo "2304"]
[BlackElo "2501"]

1.e4 d5 2.exd5 Qxd5 3.Nc3 Qd6 4.d4 Nf6 5.Nf3 c6 6.Ne5 Nbd7 7.Bf4 Nd5 8.Nxd5 Qxd5
9.Be2 Nxe5 10.Bxe5 Qxg2 11.Bf3 Qg6 12.Qe2 h5 13.O-O-O Bg4 14.h3 Bxf3 15.Qxf3 f6
16.Bh2 Qg5+ 17.Kb1 Qd5 18.Qd3 e6 19.Qg6+ Kd7 20.Ka1 h4 21.c4 Qh5 22.Qc2 Bd6
23.d5 Bxh2 24.dxc6+ Kxc6 25.Qa4+ Kb6 26.Qb4+ Kc6 27.Qa4+ Kb6 28.Qb4+ Kc6
29.Qa4+  1/2-1/2

[Event "WY BU18 2012"]
[Site "Maribor SLO"]
[Date "2012.11.11"]
[Round "4.53"]
[White "Esenbek Uulu,Bakai"]
[Black "Gregory,Sam"]
[Result "1-0"]
[WhiteElo "1984"]
[BlackElo "1771"]

1.e4 d5 2.exd5 Qxd5 3.Nc3 Qd6 4.d4 g6 5.Nf3 Bg7 6.Be2 Nf6 7.O-O O-O 8.Nb5 Qd8
9.c4 c6 10.Nc3 Na6 11.Ne5 Nc7 12.Be3 Be6 13.f4 Nfe8 14.b3 f6 15.Nd3 Nd6 16.Nc5 Bf7
17.Bf3 Rb8 18.Bf2 e5 19.d5 b6 20.dxc6 bxc5 21.Bxc5 Nce8 22.Bxa7 e4 23.Nxe4 Nxe4
24.Bxe4 f5 25.Bxb8 Qxb8 26.Bd5 Bxa1 27.Qxa1 Qb6+ 28.Kh1 Nc7 29.Bf3 Ne6 30.Qc3 Rd8
31.Qe5 Nd4 32.c7 Rc8 33.c5 Qb4 34.Rd1 Ne6 35.Bd5 Qxc5 36.Bxe6 Qxe5 37.Bxf7+ Kxf7
38.fxe5 Rxc7 39.a4 Ke6 40.b4 Rc4 41.Rb1 Kxe5 42.a5 Rc8 43.b5  1-0

[Event "WY BU14 2012"]
[Site "Maribor SLO"]
[Date "2012.11.11"]
[Round "4.44"]
[White "Baskin,R"]
[Black "Abdulla,Al-Hamed"]
[Result "1-0"]
[WhiteElo "2071"]
[BlackElo "1685"]

1.e4 d5 2.exd5 Qxd5 3.Nc3 Qd6 4.d4 Nf6 5.Nf3 c6 6.Be3 Bg4 7.h3 Bxf3 8.Qxf3 e6
9.O-O-O Qc7 10.g4 Nd5 11.Ne4 Nd7 12.Bg2 N7b6 13.Rhe1 Nc4 14.Qe2 Ncxe3 15.fxe3 Be7
16.c4 Nf6 17.Nc3 Qa5 18.Kb1 Bb4 19.Rd3 O-O-O 20.Red1 Rhe8 21.a3 Bxc3 22.Rxc3 Qc7
23.g5 Ng8 24.d5 c5 25.Rcd3 Rd6 26.Qg4 Kb8 27.Qe4 f5 28.Qe5 g6 29.Ka2 a6 30.Rb3 b6
31.Rbd3 Kc8 32.b4 Kd8 33.dxe6 Rxd3 34.Rxd3+ Kc8 35.Qd5  1-0

[Event "WY BU16 2012"]
[Site "Maribor SLO"]
[Date "2012.11.11"]
[Round "4.55"]
[White "Shiau,S"]
[Black "Krsnik Cohar,I"]
[Result "0-1"]
[WhiteElo "1772"]
[BlackElo "2053"]

1.e4 d5 2.exd5 Qxd5 3.Nc3 Qd6 4.d4 Nf6 5.Nf3 Bg4 6.Be2 e6 7.h3 Bxf3 8.Bxf3 c6
9.a3 Be7 10.Be3 Nbd7 11.Qd2 Nb6 12.Bf4 Qd7 13.Qd3 h6 14.Bg3 Bd6 15.Bxd6 Qxd6
16.Ne4 Nxe4 17.Bxe4 O-O-O 18.O-O-O Kb8 19.Kb1 Nd7 20.g3 Nf6 21.Bg2 Rd7 22.Rhe1 Rhd8
23.Re5 Qxd4 24.Qxd4 Rxd4 25.Rxd4 Rxd4 26.Kc1 Kc7 27.c3 Rd8 28.Kc2 Nd7 29.Re3 Nb6
30.b3 Nd7 31.Rf3 f6 32.h4 Nf8 33.Re3 Rd6 34.Re4 f5 35.Re3 Nd7 36.f4 Nf6 37.Bf3 a5
38.Re5 b6 39.Re3 b5 40.Re5 Kb6 41.b4 axb4 42.axb4 Kc7 43.Re3 Nd7 44.Re1 Nb6
45.Be2 Nd7 46.Bf3 Nf8 47.Re5 Kb6 48.Be2 Nd7 49.Re3 c5 50.Rd3 Rxd3 51.Bxd3 Nb8
52.Kd2 Nc6 53.bxc5+ Kxc5 54.Ke3 Ne7 55.Be2 Nd5+ 56.Kd3 Nf6 57.Bf3 g6 58.Ke3 Nd5+
59.Kd3 Nb6 60.Bd1 Nc4 61.Bb3 Kd5 62.Ba2 Kc5 63.Bb3 e5 64.fxe5 Nxe5+ 65.Ke3 Kd6
66.Kf4 Nd3+ 67.Ke3 Nc5 68.Bf7 g5 69.hxg5 hxg5 70.Be8 Ne4 71.Bxb5 Nxc3 72.Ba6 Ke5
73.Bb7 g4 74.Bc6 Ne4 75.Bxe4 fxe4 76.Ke2 Kd4 77.Kd2 e3+ 78.Ke1 e2 79.Kxe2 Ke4
80.Kf2 Kd3 81.Kf1 Ke3 82.Kg2 Ke2 83.Kh1 Kf2 84.Kh2 Kf3 85.Kh1 Kxg3 86.Kg1 Kh3  0-1

[Event "WY GU18 2012"]
[Site "Maribor SLO"]
[Date "2012.11.12"]
[Round "5"]
[White "Gevorgyan,M"]
[Black "Baraeva,I"]
[Result "0-1"]
[WhiteElo "2058"]
[BlackElo "2174"]

1.e4 d5 2.exd5 Qxd5 3.Nc3 Qd6 4.d4 Nf6 5.Nf3 c6 6.g3 Bg4 7.Bg2 e6 8.O-O Nbd7
9.h3 Bh5 10.g4 Bg6 11.Nh4 Be7 12.Nxg6 hxg6 13.Re1 Qc7 14.Qf3 Nb6 15.g5 Nh5
16.b3 Rd8 17.Re4 Nd5 18.Ne2 Nb4 19.Qc3 Bd6 20.a3 Nd5 21.Qf3 c5 22.c4 Ne7
23.Bb2 O-O 24.dxc5 Qxc5 25.h4 Nf5 26.b4 Qc7 27.Qc3 Rd7 28.Bh3 Rfd8 29.Bxf5 gxf5
30.Re3 Bf4 31.Rf3 Bd2 32.Qb3 Qc6 33.Ng3 Nf4 34.b5 Qc5 35.Rd1 Rd3 36.Rxd2 Rxd2
37.Qc3 e5 38.Qxe5 Qxe5 39.Bxe5 Ng6 40.Bc7 Rc8 41.Ba5 Rd1+ 42.Kh2 Rxc4 43.Nxf5 Nxh4
44.Ne7+ Kf8 45.Re3 Rd7 46.Bb4 Rxb4 47.axb4 Rxe7 48.Rc3 g6  0-1

[Event "WY BU14 2012"]
[Site "Maribor SLO"]
[Date "2012.11.12"]
[Round "5.41"]
[White "Haria,R"]
[Black "Isaev,Chingis"]
[Result "0-1"]
[WhiteElo "2034"]
[BlackElo "1835"]

1.e4 d5 2.exd5 Qxd5 3.Nc3 Qd6 4.d4 Nf6 5.Nf3 a6 6.Be3 Bg4 7.h3 Bh5 8.g4 Bg6
9.Ne5 Nc6 10.Bg2 e6 11.Bf4 Nxe5 12.Bxe5 Qb6 13.Qf3 O-O-O 14.O-O c6 15.Na4 Qb5
16.b3 Bd6 17.c4 Qa5 18.Bxd6 Rxd6 19.Nb6+ Qxb6 20.c5 Be4 21.Qf4 Qd8 22.Qxd6 Bxg2
23.Kxg2 Qd7 24.Rad1 Rd8 25.Rfe1 Qxd6 26.cxd6 Rxd6 27.f4 Nd5 28.Kf3 Nc3 29.Rc1 Nxa2
30.Rc4 b5 31.Rc5 Nb4 32.Ke4 Kd7 33.Rd1 Nd5 34.Ra1 Nc7 35.Rh5 h6 36.g5 hxg5
37.fxg5 Rd5 38.h4 g6 39.Rh7 Rf5 40.Rg1 Kd6 41.Ra1 Rf2 42.Ra3 Rf5 43.b4 Nd5
44.Rf3 Rxf3 45.Kxf3 Ke7 46.h5 gxh5 47.g6 Kf6 48.gxf7 Ke7 49.Rxh5 Kxf7 50.Rh7+ Kf6
51.Rh6+ Ke7 52.Ke4 Kd6 53.Rh8 Nxb4 54.Rd8+ Kc7 55.Re8 Kd7 56.Ra8 Kc7 57.Ke3 Kb7
58.Re8 Nd5+ 59.Kd2 Nc7 60.Re7 a5 61.Kc3 Kb6 62.Kb2 b4 63.Rh7 Nb5 64.Rh4 a4
65.Re4 Kc7 66.d5 exd5 67.Rxb4 a3+ 68.Kb3 Kb6 69.Rh4 c5 70.Ra4 c4+ 71.Kc2 Kc5
72.Kd2 d4 73.Kc2 d3+ 74.Kd2 Kd4 75.Ra8 Nc3 76.Kc1 a2 77.Kd2 Ne4+ 78.Kc1 c3
79.Rxa2 d2+ 80.Kc2 Nf2 81.Ra4+ Ke3  0-1

[Event "WY GU16 2012"]
[Site "Maribor SLO"]
[Date "2012.11.12"]
[Round "6.45"]
[White "Kejzar,Petra"]
[Black "Janzelj,Lara"]
[Result "1-0"]
[WhiteElo "1723"]
[BlackElo "1775"]

1.e4 d5 2.exd5 Qxd5 3.Nc3 Qd8 4.d4 Nf6 5.Be2 g6 6.Nf3 Bg7 7.O-O c6 8.h3 O-O
9.Bf4 Nbd7 10.Qd2 Re8 11.Rad1 Nb6 12.Bh6 a5 13.Bxg7 Kxg7 14.Ne5 Qc7 15.Qf4 Qd6
16.Ne4 Qd5 17.Ng5 Rf8 18.c4 Qd8 19.h4 h6 20.Ngxf7 Rxf7 21.Nxf7 Kxf7 22.g4 Kg7
23.g5 Ng8 24.Qe5+ Kh7 25.h5 Bf5 26.f4 e6 27.hxg6+ Kxg6 28.Kf2 Qb8 29.Qh8 Qf8
30.Rh1 Qg7 31.Bh5+  1-0

[Event "WY BU14 2012"]
[Site "Maribor SLO"]
[Date "2012.11.12"]
[Round "6.47"]
[White "Abramciuc,Marius"]
[Black "Abdulla,Al-Hamed"]
[Result "1-0"]
[WhiteElo "1959"]
[BlackElo "1685"]

1.e4 d5 2.exd5 Qxd5 3.Nc3 Qd6 4.d4 Nf6 5.Nf3 c6 6.Bc4 Bg4 7.Be3 e6 8.O-O Be7
9.Re1 O-O 10.Bf1 Qc7 11.h3 Bxf3 12.Qxf3 Nbd7 13.Rad1 Nb6 14.g3 Rfe8 15.Bg2 Rad8
16.Bc1 Bd6 17.Bg5 Be7 18.b3 h6 19.Bc1 Bb4 20.a3 Bd6 21.Bb2 Be7 22.Ne2 Bd6
23.c4 Be7 24.Nf4 Qd7 25.Nd3 Qc7 26.Ne5 Qc8 27.h4 Qc7 28.Bh3 Qb8 29.g4 Rf8
30.g5 hxg5 31.hxg5 Nh7 32.g6 Ng5 33.Qh5  1-0

[Event "WY BU18 2012"]
[Site "Maribor SLO"]
[Date "2012.11.15"]
[Round "8.47"]
[White "Alarcon Careaga,Gustavo"]
[Black "Gregory,Sam"]
[Result "1/2-1/2"]
[WhiteElo "2072"]
[BlackElo "1771"]

1.e4 d5 2.exd5 Qxd5 3.Nc3 Qd6 4.Bc4 g6 5.Nge2 Bg7 6.b3 Nf6 7.Bb2 O-O 8.O-O a6
9.a4 Nc6 10.Ng3 b6 11.Re1 Bb7 12.Qf3 Na5 13.Qe2 Nxc4 14.Qxc4 Rfe8 15.Re2 e6
16.Rae1 Qc6 17.Qxc6 Bxc6 18.d3 Rad8 19.Nd1 Nd5 20.Bxg7 Kxg7 21.f3 Nf4 22.Rd2 Rd7
23.Nb2 b5 24.Ra1 Red8 25.Rdd1 f5 26.Kf2 Kf6 27.axb5 axb5 28.Ra7 Nd5 29.Ne2 Nb4
30.Rc1 g5 31.Nc3 Nd5 32.Ncd1 Nb4 33.Ra5  1/2-1/2

[Event "WY GU16 2012"]
[Site "Maribor SLO"]
[Date "2012.11.15"]
[Round "8.47"]
[White "Figueroa Calderon,Jenid"]
[Black "Janzelj,Lara"]
[Result "1/2-1/2"]
[WhiteElo "1471"]
[BlackElo "1775"]

1.e4 d5 2.exd5 Qxd5 3.Nc3 Qd8 4.Bc4 Nf6 5.d4 a6 6.Nf3 b5 7.Bb3 c5 8.a3 Bb7
9.dxc5 Qxd1+ 10.Nxd1 e6 11.Be3 Nbd7 12.O-O Bxc5 13.Re1 Rc8 14.Rc1 h5 15.h3 Ne4
16.c4 b4 17.axb4 Bxb4 18.Re2 O-O 19.Bd4 Ndc5 20.Bc2 a5 21.Nc3 Bxc3 22.bxc3 Nd6
23.Re5 Nd7 24.Rxh5 f6 25.Rxa5 e5 26.Be3 Bxf3 27.gxf3 Nxc4 28.Bb3 Kh7 29.Bxc4 Rxc4
30.Kg2 Rfc8 31.Ra3 f5 32.Bd2 Nc5 33.Kg3 f4+ 34.Kg4 Nd3 35.Rf1 R8c6 36.h4 Rg6+
37.Kh3  1/2-1/2

[Event "WY GU18 2012"]
[Site "Maribor SLO"]
[Date "2012.11.15"]
[Round "8.5"]
[White "Schut,L"]
[Black "Baraeva,I"]
[Result "1-0"]
[WhiteElo "2281"]
[BlackElo "2174"]

1.e4 d5 2.exd5 Qxd5 3.Nc3 Qd6 4.d4 Nf6 5.Nf3 c6 6.g3 Bg4 7.Bg2 e6 8.O-O Be7
9.h3 Bxf3 10.Bxf3 O-O 11.Ne2 Qc7 12.c4 Nbd7 13.Bg2 Rad8 14.Qc2 e5 15.b3 exd4
16.Nxd4 Bc5 17.Bb2 Rfe8 18.Rad1 g6 19.Kh2 Bf8 20.Rfe1 Bg7 21.Rxe8+ Rxe8 22.b4 Nb6
23.a4 a6 24.Bc1 Qe7 25.Qb3 Rd8 26.Be3 Nc8 27.b5 axb5 28.cxb5 c5 29.Ne2 b6
30.Nc3 Rxd1 31.Qxd1 Nd6 32.a5 bxa5 33.Bxc5 Nfe8 34.Ne4 Bf8 35.b6 Qd8 36.Qd5 Qb8
37.Ng5 h6 38.Nf3 Nf6 39.Qc6 Nfe4 40.Bxd6 Nxd6 41.Ne5 Qd8 42.b7 Nf5 43.Qc8  1-0

[Event "WY GU16 2012"]
[Site "Maribor SLO"]
[Date "2012.11.16"]
[Round "9.39"]
[White "Zavgorodniaya,A"]
[Black "Head,Louise"]
[Result "0-1"]
[WhiteElo "1952"]
[BlackElo "1754"]

1.e4 d5 2.exd5 Qxd5 3.Nc3 Qd6 4.d4 Nf6 5.Nf3 Bg4 6.g3 e6 7.h3 Bh5 8.Bg2 c6
9.O-O Be7 10.Bf4 Qd8 11.g4 Bg6 12.Ne5 Nbd7 13.h4 Nxe5 14.Bxe5 Nd7 15.h5 f6
16.hxg6 fxe5 17.Qf3 hxg6 18.dxe5 Nxe5 19.Qe4 Qc7 20.Rfe1 Bd6 21.f4 O-O-O
22.fxe5 Bc5+ 23.Re3 Qb6 24.Re1 Qxb2 25.Na4 Bxe3+ 26.Qxe3 Qxc2 27.Qxa7 Rd1
28.Qa8+ Kc7 29.Qa5+ Kb8 30.Nb6 Rxe1+ 31.Qxe1 Rd8 32.Qb4 Qxa2 33.Nc4 Qe2 34.Kh2 Qxg4
35.Qb3 Qf4+ 36.Kg1 Qd4+ 37.Kh2 Rh8+ 38.Kg3 g5  0-1

[Event "16th Zenica Masters 2012"]
[Site "Zenica BIH"]
[Date "2012.11.16"]
[Round "7.2"]
[White "Radic,B"]
[Black "Goric,E"]
[Result "1/2-1/2"]
[WhiteElo "2193"]
[BlackElo "2344"]

1.e4 d5 2.exd5 Qxd5 3.Nc3 Qd6 4.d4 Nf6 5.Nf3 a6 6.Ne5 Nc6 7.Nxc6 Qxc6 8.d5 Qd6
9.g3 e6 10.Bg2 exd5 11.Nxd5 Nxd5  1/2-1/2

[Event "WY BU14 2012"]
[Site "Maribor SLO"]
[Date "2012.11.17"]
[Round "10.63"]
[White "Jarc,Jakob"]
[Black "Isaev,Chingis"]
[Result "0-1"]
[WhiteElo "1698"]
[BlackElo "1835"]

1.e4 d5 2.exd5 Qxd5 3.Nc3 Qd6 4.d4 Nf6 5.Nf3 a6 6.Bc4 Bg4 7.Be3 Nc6 8.h3 Bh5
9.g4 Bg6 10.Nh4 e6 11.Nxg6 hxg6 12.Ne2 Qb4+ 13.c3 Qxc4  0-1

[Event "TCh-FIN SM 2012-13"]
[Site "Helsinki FIN"]
[Date "2012.11.18"]
[Round "7.6"]
[White "Salimaki,J"]
[Black "Valli,F"]
[Result "0-1"]
[WhiteElo "2157"]
[BlackElo "2262"]

1.e4 d5 2.exd5 Qxd5 3.Nc3 Qd6 4.d4 Nf6 5.Nf3 c6 6.Be3 Bf5 7.Qd2 e6 8.O-O-O Nd5
9.Nxd5 cxd5 10.Ne5 Qb4 11.Qxb4 Bxb4 12.g4 Be4 13.f3 Bg6 14.h4 f6 15.Nxg6 hxg6
16.Bd3 Kf7 17.Rdg1 Bd6 18.h5 gxh5 19.gxh5 f5 20.h6 g6 21.Rg2 Nd7 22.Rhg1 Rag8
23.Bg5 Nf6 24.Kb1 Bf8 25.Rh1 Nh5 26.c4 Bxh6 27.cxd5 Bxg5 28.Rxg5 Nf4 29.Rxh8 Rxh8
30.Bc4 exd5 31.Bb3 Rh1+ 32.Kc2 Kf6 33.Rg3 Rh2+  0-1

[Event "WY GU18 2012"]
[Site "Maribor SLO"]
[Date "2012.11.18"]
[Round "11.15"]
[White "Akshaya,A"]
[Black "Leks,M"]
[Result "1/2-1/2"]
[WhiteElo "1999"]
[BlackElo "2069"]

1.e4 d5 2.exd5 Qxd5 3.Nc3 Qd6 4.Nf3 Nf6 5.Be2 a6 6.a4 Nc6 7.O-O e5 8.d3 Be7
9.Nd2 Nd4 10.Nc4 Qe6 11.Bf3 Nxf3+ 12.Qxf3 Bd6 13.Re1 Nd7 14.Qd5 Qxd5 15.Nxd5 O-O
16.Nxd6 cxd6 17.Be3 Rb8 18.Ba7 Ra8 19.Be3 Rb8 20.Ba7 Ra8 21.Be3 Rb8  1/2-1/2

[Event "WY GU16 2012"]
[Site "Maribor SLO"]
[Date "2012.11.18"]
[Round "11.6"]
[White "Osmanodja,F"]
[Black "Belova,O"]
[Result "1-0"]
[WhiteElo "2206"]
[BlackElo "2130"]

1.e4 d5 2.exd5 Qxd5 3.Nc3 Qd6 4.d4 Nf6 5.Nf3 g6 6.Ne5 Bg7 7.Bf4 Qd8 8.Be2 c6
9.Qd2 Nbd7 10.O-O-O Nxe5 11.Bxe5 h5 12.f3 Bh6 13.f4 Be6 14.h3 h4 15.Qe1 Bg7
16.Bf3 Kf8 17.Kb1 Bd5 18.Nxd5 cxd5 19.c4 Qd7 20.Qb4 a5 21.Qb3 Rd8 22.c5 Qc6
23.Rd3 Ne4 24.Bxg7+ Kxg7 25.Bxe4 dxe4 26.Rd2 a4 27.Qe3 f5 28.Rhd1 e6 29.g3 hxg3
30.Qxg3 Rd5 31.Rg1 Qe8 32.h4 Rh6 33.Rdg2 Kh7 34.h5 Rxd4 35.hxg6+ Kg7 36.Qc3 e5
37.fxe5 Rd3 38.Qc4 Qd7 39.e6 Rd1+ 40.Kc2 Qd3+ 41.Qxd3 Rxd3 42.e7 Rh8 43.Rh1 Rc8
44.b4 axb3+ 45.axb3 Rd5 46.Rh7+ Kf6 47.g7 Rdxc5+ 48.Kb2 Rg8 49.e8=Q Rxe8
50.g8=Q Rxg8 51.Rxg8 b5 52.Re8 Kg5 53.Rd7 Kf4 54.Rd4 Kf3 55.b4 Rc7 56.Re5 Ke3
57.Rd1 Rc4 58.Rxb5 f4 59.Kb3 Ke2 60.Kxc4 Kxd1 61.Re5 e3 62.Kd3  1-0

[Event "WY GU16 2012"]
[Site "Maribor SLO"]
[Date "2012.11.18"]
[Round "11.36"]
[White "Gurcan,A"]
[Black "Head,Louise"]
[Result "1/2-1/2"]
[WhiteElo "1698"]
[BlackElo "1754"]

1.e4 d5 2.exd5 Qxd5 3.Nc3 Qd6 4.d4 Nf6 5.Nf3 Bg4 6.Be2 e6 7.O-O Be7 8.Be3 O-O
9.Qd2 c6 10.h3 Bh5 11.Rad1 Nd5 12.Nxd5 cxd5 13.Ne5 Bxe2 14.Qxe2 Nc6 15.Nd3 b6
16.Qg4 Bf6 17.Nf4 g6 18.Nh5 Bh8 19.Bh6 Rfe8 20.Rd3  1/2-1/2

[Event "Malta Open 2012"]
[Site "Bugibba MLT"]
[Date "2012.11.19"]
[Round "2"]
[White "Seyfried,C"]
[Black "Mirzoev,A"]
[Result "0-1"]
[WhiteElo "2174"]
[BlackElo "2555"]

1.e4 d5 2.exd5 Qxd5 3.Nc3 Qd6 4.d4 c6 5.Bc4 Nf6 6.Nge2 g6 7.Bf4 Qb4 8.Bb3 Bg7
9.O-O O-O 10.h3 Nbd7 11.Bc7 Nb6 12.Re1 e6 13.Qd3 Qe7 14.Bg3 Rd8 15.Qf3 h6
16.Rad1 Nbd5 17.Be5 Bd7 18.Na4 Be8 19.c4 Nb6 20.Nac3 Nbd7 21.Bh2 Nb6 22.c5 Nbd5
23.Bd6 Qd7 24.Nf4 b6 25.Nd3 Qb7 26.Ne5 Rac8 27.Rc1 Nxc3 28.bxc3 Nd5 29.Nc4 bxc5
30.Bxc5 Qc7 31.Ne5 Rb8 32.Rb1 a5 33.Ba4 Rxb1 34.Rxb1 Bxe5 35.dxe5 Qxe5 36.Bd4 Qf5
37.Qxf5 gxf5 38.c4 Nf4 39.Bf6 Rc8 40.Rb7 c5 41.Bxe8 Rxe8 42.Ra7 e5 43.Rxa5 Re6
44.Bd8 Nd3 45.a4 f4 46.Rb5 e4 47.a5 e3 48.fxe3 fxe3 49.Rb6 Re4 50.Rxh6 Kg7
51.Rh4 Re8 52.Rg4+ Kh7 53.Bh4 e2 54.Rg5 Re4 55.Rg4 e1=Q+ 56.Bxe1 Rxe1+ 57.Kh2 Ra1  0-1